MARC details
| 000 -CABECERA |
| campo de control de longitud fija |
01207nam a2200241 a 4500 |
| 001 - NÚMERO DE CONTROL |
| campo de control |
000021606 |
| 005 - FECHA Y HORA DE LA ÚLTIMA TRANSACCIÓN |
| campo de control |
20200930011401.0 |
| 008 - DATOS DE LONGITUD FIJA--INFORMACIÓN GENERAL |
| campo de control de longitud fija |
100909t1956 sp 001 0dspa d |
| 040 ## - FUENTE DE LA CATALOGACIÓN |
| Centro catalogador/agencia de origen |
DO-SdBNP |
| Lengua de catalogación |
spa |
| Centro/agencia transcriptor |
BNPHU |
| 082 ## - NÚMERO DE LA CLASIFICACIÓN DECIMAL DEWEY |
| Número de clasificación |
929.2 |
| Número de documento/Ítem |
G326a |
| 049 ## - FONDOS LOCALES (OCLC) |
| Fondos de biblioteca |
BNPD |
| 245 00 - MENCIÓN DE TÍTULO |
| Título |
Genealogía de los apellidos Trujillo, Molina, Valdés, Monagas y Chevalier / |
| Mención de responsabilidad, etc. |
Próloga, anota y recopila Pedro González-Blanco. |
| 260 ## - PUBLICACIÓN, DISTRIBUCIÓN, ETC. |
| Lugar de publicación, distribución, etc. |
Madrid : |
| Nombre del editor, distribuidor, etc. |
Graficas Uguina, Melendez Valdés, |
| Fecha de publicación, distribución, etc. |
1956. |
| 300 ## - DESCRIPCIÓN FÍSICA |
| Extensión |
226 p. ; |
| Dimensiones |
22 cm. |
| 500 ## - NOTA GENERAL |
| Nota general |
Incluye bibliografía y notas al pie de páginas. |
| 504 ## - NOTA DE BIBLIOGRAFÍA, ETC. |
| Nota de bibliografía, etc. |
Bibliografía : p. 221-226 |
| 505 0# - NOTA DE CONTENIDO CON FORMATO |
| Información miscelánea |
Al Excmo. Sr. Doctor Don Rafael L. Trujillo Molina -- |
| -- |
A modo de introducción -- |
| Título |
La muy ilustre casa de Trujillo -- |
| -- |
La insigne casa de Molina -- |
| -- |
La muy ilustre casa de Valdés -- |
| -- |
Los Monaga de Venezuela -- |
| -- |
La nobilísima casa de los Chevalier de Francia -- |
| -- |
Elucidario de términos heráldicos que no se explican en el texto -- |
| Información miscelánea |
Bibliografía. |
| 651 #4 - PUNTO DE ACCESO ADICIONAL DE MATERIA--NOMBRE GEOGRÁFICO |
| Nombre geográfico |
España |
| Subdivisión general |
Genealogía |
| 9 (RLIN) |
44975 |
| 650 #4 - PUNTO DE ACCESO ADICIONAL DE MATERIA--TÉRMINO DE MATERIA |
| Término de materia o nombre geográfico como elemento de entrada |
Parentesco |
| 9 (RLIN) |
2156 |
| 651 #4 - PUNTO DE ACCESO ADICIONAL DE MATERIA--NOMBRE GEOGRÁFICO |
| Nombre geográfico |
República Dominicana |
| Subdivisión general |
Genealogía |
| 9 (RLIN) |
2157 |
| 700 1# - PUNTO DE ACCESO ADICIONAL--NOMBRE DE PERSONA |
| Nombre de persona |
González-Blanco, Pedro, |
| Término indicativo de función/relación |
comp. |
| 9 (RLIN) |
44950 |
| 910 ## - DATOS DE OPCIÓN DEL USUARIO (OCLC) |
| Datos de opción del usuario |
Validado. Control de calidad EMS. |